අපේ මඟ (Record no. 3549)

MARC details
000 -LEADER
fixed length control field 00389nam a22001457a 4500
003 - CONTROL NUMBER IDENTIFIER
control field LK-CoMWRAF
005 - DATE AND TIME OF LATEST TRANSACTION
control field 20240217004022.0
008 - FIXED-LENGTH DATA ELEMENTS--GENERAL INFORMATION
fixed length control field 230911b2014 |||||||| |||| 00| 0 eng d
040 ## - CATALOGING SOURCE
Original cataloging agency LK-CoMWRAF
Modifying agency LK-CoMWRAF
Description conventions LK-CoMWRAF
041 ## - LANGUAGE CODE
Language code of text/sound track or separate title Sinhala; Sinhalese
082 ## - DEWEY DECIMAL CLASSIFICATION NUMBER
Classification number 370
Item number OUR
942 ## - ADDED ENTRY ELEMENTS (KOHA)
Koha item type Books
245 ## - TITLE STATEMENT
Title අපේ මඟ
260 ## - PUBLICATION, DISTRIBUTION, ETC. (IMPRINT)
Place of publication, distribution, etc. Colombo :
Name of publisher, distributor, etc. Muslim Women's Research and Action Forum - MWRAF,
Date of publication, distribution, etc. 2014
Holdings
Withdrawn status Lost status Damaged status Not for loan Collection code Permanent Location Current Location Date acquired Full call number Barcode Koha item type
        MWRAF Publications Resource center, Muslim Women's Research And Action Forum Resource center, Muslim Women's Research And Action Forum 2023-09-11 370 OUR RAF1051 Books
        MWRAF Publications Resource center, Muslim Women's Research And Action Forum Resource center, Muslim Women's Research And Action Forum 2023-11-07 370 OUR RAF2703 Books
        MWRAF Publications Resource center, Muslim Women's Research And Action Forum Resource center, Muslim Women's Research And Action Forum 2023-11-07 370 OUR RAF2704 Books

Copyright © 2023 Muslim Women's Research and Action Forum (MWRAF), No 27/3, Anderson Road, Kalubowila, Dehiwela. Funded by The Asia Fundation